| 000 | 004920000a22001690004500 | ||
|---|---|---|---|
| 041 | 0 | _aENG | |
| 082 | 0 | 4 | _aG 269 B3685r |
| 100 | 1 | _aBeardsley, Frank Grenville (1870-1954) | |
| 245 | 1 | 0 | _aReligious progress through religious revivals / Frank Grenville Beardsley |
| 260 | _aNew York, NY., USA : American Tract Society | ||
| 300 | _a181 Pag | ||
| 001 | 8088 | ||
| 942 | _cBK | ||
| 999 |
_c38285 _d38285 |
||
| 336 |
_atexto _btxt _2rdacontent |
||
| 337 |
_2rdamedia _asin mediación _bn |
||
| 338 |
_2rdacarrier _avolumen _bnc |
||